Nihon no minzoku to shakai /

Saved in:
நூற்பட்டியல் விவரங்கள்
தலைமை எழுத்தாளர்: Wakamori, Tarō, 1915-1977.
வடிவம்: புத்தகம்
மொழி:Japanese
வெளியீடப்பட்டது: Tōkyō : Kōbundō, Shōwa 57 [1982]
தொகுதி:Wakamori, Tarō, 1915-1977. Works. 1980 ; 12.
பகுதிகள்:
குறியீடுகள்: குறிச்சொல் இணை
குறியீடுகள் இல்லை, இந்த குறிச்சொல்லை முதலில் பதிவு செய்யுங்கள்!
LEADER 01160nam a2200301 a 4500
001 007714973-4
005 20024617115255.0
008 820712s1982 ja cf b 000 0 jpn
010 |a 82176485 
020 |a 4335210124 :  |c Y4800 
035 0 |a ocm17024112 
040 |a DLC  |c DLC  |d OCoLC  |d *YNH*  |d CStRLIN 
050 0 |a DS821.W3172 1982 Orien Japan 
100 1 |6 880-01  |a Wakamori, Tarō,  |d 1915-1977. 
245 1 0 |6 880-02  |a Nihon no minzoku to shakai /  |c [chosha Wakamori Tarō] 
260 |6 880-03  |a Tōkyō :  |b Kōbundō,  |c Shōwa 57 [1982] 
300 |a iv, 513 p., [1] leaf of plates :  |b port. ;  |c 22 cm. 
490 1 |6 880-04  |a Wakamori Tarō chosakushū ;  |v 12 
504 |a Includes bibliographies. 
651 0 |a Japan  |x Social life and customs. 
880 1 |6 100-01  |a 和歌森太郎,  |d 1915-1977. 
880 1 0 |6 245-02  |a 日本の民俗と社会 /  |c [著者和歌森太郎] 
880 |6 260-03  |a 東京 :  |b 弘文堂,  |c 昭和57 [1982] 
880 1 |6 490-04  |a 和歌森太郎著作集 ;  |v 12 
800 1 |6 880-05  |a Wakamori, Tarō,  |d 1915-1977.  |t Works.  |f 1980 ;  |v 12. 
880 1 |6 800-05  |a 和歌森太郎,  |d 1915-1977.  |t Works.  |f 1980 ;  |v 12. 
988 |a 20021209 
906 |0 DLC